Statystyki dla Państwa na literę R

Kliknij tutaj aby rozwiązać quiz!

Ogólne statystyki

  • Ten quiz został rozwiązany 17 560 razy
  • Średni wynik to 4 z 6

Statystyki odpowiedzi

Kraj% Poprawnych
Rosja
96%
Rumunia
88%
Rwanda
65%
Republika Południowej Afryki
64%
Republika Środkowoafrykańska
40%
Republika Zielonego Przylądka
27%

Rozkład punktacji

Percentyl według liczby udzielonych odpowiedzi

Procent ludzi z każdym wynikiem

Twoja historia wyników

Nie rozwiązałeś tego quizu